[Event "Sachsen-Anhalt 30 Years op"]
[Site "Magdeburg"]
[Date "2020.10.22"]
[Round "1.10"]
[White "Brandt, Joachim"]
[Black "Kaschuba, Juergen"]
[Result "0-1"]
[WhiteElo "1823"]
[BlackElo "1679"]
[PlyCount "144"]
[EventDate "2020.10.22"]
[EventType "swiss"]
[EventRounds "7"]
[EventCountry "GER"]
[SourceTitle "EXT 2022"]
[Source "ChessBase"]
[SourceDate "2021.10.06"]
[SourceVersion "1"]
[SourceVersionDate "2021.10.06"]
[SourceQuality "1"]

1. e4 e5 2. Nf3 Nf6 3. Nc3 Bb4 4. Nd5 Nxd5 5. exd5 d6 6. c3 Bc5 7. a4 a5 8. d3 0-0 9. Be2 Nd7 10. 0-0 f5 11. Qc2 Nf6 12. Bg5 h6 13. Bxf6 Qxf6 14. Rfd1 Bb6 15. d4 e4 16. Ne1 Bd7 17. Bf1 Rae8 18. g3 f4 19. gxf4 Qxf4 20. Ng2 Qg5 21. Qd2 Qxd5 22. c4 Qh5 23. Ra3 Bg4 24. Re1 Bf3 25. Rae3 Qg5 26. Qc3 Qf6 27. c5 dxc5 28. Qc4+ Qe6 29. Qxe6+ Rxe6 30. Bc4 Rff6 31. Nh4 cxd4 32. Rxf3 Kh7 33. Rxf6 Rxf6 34. Ng2 d3 35. Ne3 Bd4 36. b3 Rg6+ 37. Kf1 c6 38. Bf7 Rf6 39. Bh5 d2 40. Rd1 Bxe3 41. Ke2 Bxf2 42. Rxd2 e3 43. Rd7 b6 44. Bf3 Re6 45. Bg4 Re5 46. Bf3 b5 47. axb5 cxb5 48. Ra7 b4 49. h3 h5 50. Rc7 Kh6 51. Rc8 g6 52. Rc4 Kg5 53. Kf1 Kf6 54. Be2 Rg5 55. Bf3 Rg1+ 56. Ke2 Rb1 57. Rc5 Rxb3 58. Rxa5 Ra3 59. Rb5 b3 60. Rb6+ Kg5 61. h4+ Kxh4 62. Rxg6 b2 63. Be4 Rb3 64. Bb1 Rb8 65. Rg7 Rd8 66. Rb7 Rd2+ 67. Kf3 Bg1 68. Rb4+ Kg5 69. Rb5+ Kf6 70. Rb6+ Ke5 71. Kg3 e2 72. Rb5+ Rd5 0-1

[Event "GER-ch Seniors 23rd"]
[Site "Halle"]
[Date "2011.08.11"]
[Round "7"]
[White "Mueller, Dieter5555"]
[Black "Kaschuba, Juergen"]
[Result "1-0"]
[WhiteElo "1701"]
[BlackElo "1757"]
[PlyCount "77"]
[EventDate "2011.08.05"]
[EventType "swiss"]
[EventRounds "9"]
[EventCountry "GER"]
[SourceTitle "CBM 144 Extra"]
[Source "ChessBase"]
[SourceDate "2011.10.28"]
[SourceVersion "1"]
[SourceVersionDate "2011.10.28"]
[SourceQuality "1"]

1. Nf3 Nf6 2. g3 c6 3. Bg2 d5 4. d3 Bf5 5. 0-0 Nbd7 6. b3 e5 7. Bb2 Bd6 8. Re1 Qc7 9. Nbd2 0-0 10. e4 Bg6 11. Nh4 dxe4 12. Nxg6 fxg6 13. Nxe4 Nxe4 14. Bxe4 Nf6 15. Bg2 Bc5 16. Bxe5 Bxf2+ 17. Kxf2 Ng4+ 18. Kg1 Nxe5 19. d4 Nf7 20. d5 Rad8 21. c4 Qb6+ 22. Kh1 Rd6 23. Qe2 Rf6 24. Rf1 Qd4 25. dxc6 bxc6 26. Rad1 Rxf1+ 27. Rxf1 Ne5 28. Re1 Nd3 29. Qe6+ Kh8 30. Bxc6 Nxe1 31. Qxe1 Qf2 32. Qa1 Qf1+ 33. Qxf1 Rxf1+ 34. Kg2 Ra1 35. Bd5 Rxa2+ 36. Kh3 h5 37. b4 g5 38. c5 g6 39. Bxa2 1-0

[Event "Muehlhaeusen op"]
[Site "Muehlhausen"]
[Date "2007.05.19"]
[Round "6.24"]
[White "Kaschuba, Juergen"]
[Black "Krutsch, Thomas"]
[Result "1-0"]
[WhiteElo "1775"]
[BlackElo "1334"]
[PlyCount "143"]
[EventDate "2007.05.16"]
[EventType "swiss"]
[EventRounds "7"]
[EventCountry "GER"]
[SourceTitle "CBM 118 Extra"]
[Source "ChessBase"]
[SourceDate "2007.07.04"]
[SourceVersion "1"]
[SourceVersionDate "2007.07.04"]
[SourceQuality "1"]

1. e4 c6 2. Nc3 d5 3. exd5 cxd5 4. d4 Nf6 5. Nf3 Bg4 6. h3 Bh5 7. Be2 Nc6 8. Bf4 e6 9. Nb5 Rc8 10. Ne5 Bxe2 11. Qxe2 a6 12. Nxc6 Rxc6 13. Nc3 Bb4 14. Bd2 Qa5 15. 0-0 0-0 16. a3 Bxc3 17. Bxc3 Qc7 18. Rac1 Rc8 19. f3 Nh5 20. Rf2 Qg3 21. Qe5 Nf4 22. Kf1 Qh2 23. Ke1 Nxg2+ 24. Kd2 Qf4+ 25. Qxf4 Nxf4 26. h4 Ng6 27. h5 Ne7 28. Kd3 Nf5 29. Rg1 h6 30. Rfg2 Kh7 31. Rg4 Rg8 32. R1g2 g6 33. f4 Rcc8 34. hxg6+ Rxg6 35. Rxg6 fxg6 36. Bd2 Nd6 37. b3 b5 38. Re2 Re8 39. Bb4 Nb7 40. c4 bxc4+ 41. bxc4 dxc4+ 42. Kxc4 Rc8+ 43. Kd3 a5 44. Be7 Rc6 45. Re5 Kg7 46. Rb5 Rc7 47. Bc5 Rf7 48. Ke4 h5 49. Ke5 Nd8 50. Ke4 Nb7 51. Rb6 Nd8 52. Bd6 Rb7 53. Be5+ Kf7 54. Ra6 Rb5 55. Bc7 Nb7 56. Ra7 h4 57. a4 Rb4 58. Ra8 h3 59. Rh8 Kg7 60. Be5+ Kf7 61. Rh7+ Kg8 62. Rg7+ Kf8 63. Rxg6 h2 64. Rh6 Rb2 65. f5 exf5+ 66. Kxf5 Ra2 67. Rh8+ Kf7 68. Bxh2 Rxa4 69. Be5 Ke7 70. Rh7+ Ke8 71. Rxb7 Kd8 72. Ke6 1-0

[Event "Muehlhaeusen op"]
[Site "Muehlhausen"]
[Date "2007.05.17"]
[Round "3.17"]
[White "Feigel, Andreas"]
[Black "Kaschuba, Juergen"]
[Result "1-0"]
[WhiteElo "1969"]
[BlackElo "1775"]
[PlyCount "83"]
[EventDate "2007.05.16"]
[EventType "swiss"]
[EventRounds "7"]
[EventCountry "GER"]
[SourceTitle "CBM 118 Extra"]
[Source "ChessBase"]
[SourceDate "2007.07.04"]
[SourceVersion "1"]
[SourceVersionDate "2007.07.04"]
[SourceQuality "1"]

1. Nf3 d5 2. b3 Nc6 3. Bb2 Nf6 4. e3 Bg4 5. Bb5 e6 6. h3 Bxf3 7. Qxf3 a6 8. Bxc6+ bxc6 9. c4 Be7 10. 0-0 Qd7 11. d3 Rd8 12. Na3 h5 13. Rad1 Kf8 14. Nc2 c5 15. cxd5 Qxd5 16. e4 Qa8 17. Ne3 Nd7 18. Nc4 Bf6 19. Bxf6 gxf6 20. Kh1 Ke7 21. Qe3 Rdg8 22. f4 h4 23. Rf3 Rg7 24. Rd2 Rhg8 25. Rdf2 Qc6 26. f5 Rg5 27. fxe6 fxe6 28. d4 cxd4 29. Qxd4 e5 30. Qe3 R8g6 31. Na5 Qb5 32. b4 c5 33. a3 c4 34. Qc1 Nb6 35. Rxf6 Rxg2 36. Rxg6 Rxg6 37. Qf1 Ke6 38. Rf7 Kd6 39. Qf5 Rh6 40. Rb7 Qe8 41. Rxb6+ Kc7 42. Rxh6 1-0

[Event "Jena Schwarzer Baer op"]
[Site "Jena"]
[Date "2007.02.05"]
[Round "5"]
[White "Saran, Bajar"]
[Black "Kaschuba, Juergen"]
[Result "1/2-1/2"]
[WhiteElo "1633"]
[BlackElo "1720"]
[PlyCount "134"]
[EventDate "2007.02.03"]
[EventType "swiss"]
[EventRounds "7"]
[EventCountry "GER"]
[SourceTitle "EXT 2008"]
[Source "ChessBase"]
[SourceDate "2007.11.25"]
[SourceVersion "1"]
[SourceVersionDate "2007.11.25"]
[SourceQuality "1"]

1. e4 d5 2. exd5 Nf6 3. Bb5+ c6 4. dxc6 Nxc6 5. Nc3 Qc7 6. Nge2 Bd7 7. d3 a6 8. Ba4 e5 9. Bg5 Bb4 10. a3 Bxc3+ 11. Nxc3 Nd4 12. Bxd7+ Nxd7 13. 0-0 f6 14. Be3 0-0 15. Rc1 Nf5 16. Qf3 Nxe3 17. Qxe3 Qc6 18. Kh1 Nc5 19. f4 Rae8 20. fxe5 Rxe5 21. Qf3 Qb6 22. b4 Ne6 23. Rfe1 Ng5 24. Qg4 Rxe1+ 25. Rxe1 Qc6 26. Qc4+ Qxc4 27. dxc4 Rc8 28. c5 Kf7 29. Nd5 Ne6 30. Rd1 Rd8 31. c4 Ng5 32. Nc3 Rxd1+ 33. Nxd1 Ke6 34. Kg1 Ke5 35. Kf2 Kd4 36. Ne3 g6 37. b5 axb5 38. cxb5 Kxc5 39. Ke2 Kxb5 40. Kd3 Kc5 41. Ng4 f5 42. Nf6 h6 43. Nd7+ Kb5 44. Kd4 Nf7 45. Kd5 f4 46. Ke6 f3 47. gxf3 Ng5+ 48. Kf6 Nxf3 49. Kxg6 Nxh2 50. Kxh6 Kc6 51. Ne5+ Kd5 52. Nd3 Nf3 53. a4 Kc4 54. Nb2+ Kc3 55. Nd1+ Kb3 56. Kg6 Kxa4 57. Kf5 Kb4 58. Ke4 Nd2+ 59. Kd3 Nc4 60. Kd4 Na3 61. Kd3 Kb3 62. Ne3 b5 63. Nd5 Kb2 64. Kd4 Kb3 65. Kc5 Ka4 66. Nc3+ Ka5 67. Nxb5 Nxb5 1/2-1/2

[Event "Jena Schwarzer Baer op"]
[Site "Jena"]
[Date "2007.02.04"]
[Round "3"]
[White "Kuenne, Lutz Dieter"]
[Black "Kaschuba, Juergen"]
[Result "1/2-1/2"]
[WhiteElo "1564"]
[BlackElo "1720"]
[PlyCount "110"]
[EventDate "2007.02.03"]
[EventType "swiss"]
[EventRounds "7"]
[EventCountry "GER"]
[SourceTitle "EXT 2008"]
[Source "ChessBase"]
[SourceDate "2007.11.25"]
[SourceVersion "1"]
[SourceVersionDate "2007.11.25"]
[SourceQuality "1"]

1. e4 e6 2. d4 d5 3. Nd2 c5 4. c3 Nc6 5. Ne2 Nf6 6. e5 Nd7 7. f4 Qb6 8. Nf3 cxd4 9. cxd4 Bb4+ 10. Nc3 a6 11. Be3 Qa5 12. Bd2 0-0 13. Bd3 h6 14. 0-0 Qd8 15. Qc2 Ne7 16. Nh4 Nb6 17. a3 Bxc3 18. Bxc3 Nc4 19. Rf3 Bd7 20. Rd1 Rc8 21. Qf2 Nf5 22. Nxf5 exf5 23. Be2 f6 24. Rg3 Be8 25. Bb4 Rf7 26. Bh5 Rfc7 27. Bxe8 Qxe8 28. Qf3 Qf7 29. Qe2 fxe5 30. dxe5 Qe6 31. b3 Nb6 32. Rgd3 Rc1 33. Qf3 Rxd1+ 34. Rxd1 Qc6 35. Qd3 g6 36. Qd4 Qb5 37. a4 Qc6 38. a5 Na8 39. Qxd5+ Qxd5 40. Rxd5 Rc1+ 41. Kf2 Nc7 42. Rd7 Ne6 43. g3 Nc5 44. Bxc5 Rxc5 45. Rxb7 Rxa5 46. Rb6 Kf7 47. b4 Ra3 48. b5 axb5 49. Rxb5 Ra2+ 50. Kg1 Ra1+ 51. Kg2 Ra2+ 52. Kh3 h5 53. Rb7+ Kf8 54. e6 Ra6 55. Rf7+ Kg8 1/2-1/2

[Event "Jena Schwarzer Baer op"]
[Site "Jena"]
[Date "2007.02.03"]
[Round "1"]
[White "Dymann, Frank"]
[Black "Kaschuba, Juergen"]
[Result "1-0"]
[WhiteElo "1976"]
[BlackElo "1720"]
[PlyCount "67"]
[EventDate "2007.02.03"]
[EventType "swiss"]
[EventRounds "7"]
[EventCountry "GER"]
[SourceTitle "EXT 2008"]
[Source "ChessBase"]
[SourceDate "2007.11.25"]
[SourceVersion "1"]
[SourceVersionDate "2007.11.25"]
[SourceQuality "1"]

1. Nf3 Nf6 2. d4 d5 3. e3 Bg4 4. c4 e6 5. cxd5 Qxd5 6. Nc3 Bb4 7. Qa4+ Nc6 8. Ne5 0-0 9. Nxc6 Bxc3+ 10. bxc3 bxc6 11. f3 Bh5 12. Bc4 Qg5 13. 0-0 Nd5 14. Qc2 Qe7 15. Bd3 f5 16. Bd2 Rab8 17. e4 fxe4 18. fxe4 Nb6 19. Bf4 c5 20. Qd2 Na4 21. Rab1 Qd7 22. Rxb8 Rxb8 23. Rb1 Rxb1+ 24. Bxb1 Qb5 25. Bc2 cxd4 26. cxd4 c6 27. Bb3 Bf7 28. Be5 h6 29. Qe1 c5 30. Qg3 g5 31. h4 c4 32. hxg5 hxg5 33. Qxg5+ Kf8 34. Bd6+ 1-0

[Event "Leipzig VfB op 13th"]
[Site "Leipzig"]
[Date "2006.03.19"]
[Round "9"]
[White "Kaschuba, Juergen"]
[Black "Wang, Zhangxian"]
[Result "0-1"]
[WhiteElo "1745"]
[BlackElo "1998"]
[PlyCount "106"]
[EventDate "2006.03.14"]
[EventType "swiss"]
[EventRounds "9"]
[EventCountry "GER"]
[SourceTitle "EXT 2008"]
[Source "ChessBase"]
[SourceDate "2007.11.25"]
[SourceVersion "1"]
[SourceVersionDate "2007.11.25"]
[SourceQuality "1"]

1. e4 c6 2. Nc3 d5 3. d4 dxe4 4. Nxe4 Nf6 5. Nxf6+ gxf6 6. Bc4 Bf5 7. Ne2 e6 8. Ng3 Bg6 9. h4 h5 10. c3 Bd6 11. Qf3 Nd7 12. Ne4 Bxe4 13. Qxe4 Qc7 14. f4 f5 15. Qe3 0-0-0 16. Bd2 Rhg8 17. 0-0-0 Rxg2 18. Rhg1 Rdg8 19. d5 cxd5 20. Bxd5 Rxg1 21. Rxg1 Rxg1+ 22. Qxg1 exd5 23. Qg8+ Nf8 24. Qg5 Qd7 25. Qxh5 Ng6 26. Qh6 Qc7 27. Qg5 Bxf4 28. Qxf5+ Kb8 29. Qxd5 Bxd2+ 30. Kxd2 Nxh4 31. Qh5 Ng6 32. Qh7 a6 33. b4 Qc4 34. a4 Qa2+ 35. Ke3 Qe6+ 36. Kd4 Qf6+ 37. Kd3 Qh8 38. Qxh8+ Nxh8 39. Ke4 Ng6 40. Kf5 Ne7+ 41. Ke5 f5 42. b5 a5 43. c4 b6 44. Kf4 Kc7 45. Ke5 Kd7 46. Kd4 Kd6 47. Kc3 Kc5 48. Kd3 f4 49. Ke4 Ng6 50. Kd3 f3 51. Ke3 Ne5 52. Kf2 Kxc4 53. Ke3 Kb4 0-1

[Event "Leipzig VfB op 13th"]
[Site "Leipzig"]
[Date "2006.03.16"]
[Round "4"]
[White "Nittschalk, Karl"]
[Black "Kaschuba, Juergen"]
[Result "1-0"]
[WhiteElo "1336"]
[BlackElo "1745"]
[PlyCount "97"]
[EventDate "2006.03.14"]
[EventType "swiss"]
[EventRounds "9"]
[EventCountry "GER"]
[SourceTitle "EXT 2008"]
[Source "ChessBase"]
[SourceDate "2007.11.25"]
[SourceVersion "1"]
[SourceVersionDate "2007.11.25"]
[SourceQuality "1"]

1. d4 d6 2. e4 Nf6 3. Nc3 Nbd7 4. Nf3 c5 5. dxc5 Nxc5 6. e5 Nfd7 7. exd6 exd6 8. Bb5 Be7 9. 0-0 0-0 10. Bxd7 Bxd7 11. Re1 Bc6 12. Be3 Bf6 13. Nd4 Bxd4 14. Qxd4 Ne6 15. Qg4 Qf6 16. Rad1 Rad8 17. Bxa7 d5 18. Bd4 Nxd4 19. Rxd4 Rfe8 20. Rxe8+ Rxe8 21. Rd1 Qe5 22. h3 h5 23. Qd4 Qg5 24. Qd2 Qf5 25. Ne2 Qe4 26. Nd4 Bd7 27. f3 Qg6 28. Kh2 h4 29. Qf2 Qd6+ 30. Kg1 g5 31. c3 Qa6 32. a3 Qc4 33. Re1 Rxe1+ 34. Qxe1 Qd3 35. Qe2 Qb1+ 36. Kh2 Qg6 37. Qe7 Bc6 38. Nxc6 bxc6 39. Qe2 c5 40. Kg1 d4 41. cxd4 cxd4 42. Qe8+ Kg7 43. Qe5+ Kf8 44. Qxd4 Qb1+ 45. Kh2 Qe1 46. Qc5+ Ke8 47. Qxg5 f6 48. Qg6+ Kd7 49. b4 1-0

[Event "Leipzig VfB op 13th"]
[Site "Leipzig"]
[Date "2006.03.14"]
[Round "1"]
[White "Kaschuba, Juergen"]
[Black "Ulms, Sandra"]
[Result "0-1"]
[WhiteElo "1745"]
[BlackElo "2177"]
[PlyCount "98"]
[EventDate "2006.03.14"]
[EventType "swiss"]
[EventRounds "9"]
[EventCountry "GER"]
[SourceTitle "EXT 2008"]
[Source "ChessBase"]
[SourceDate "2007.11.25"]
[SourceVersion "1"]
[SourceVersionDate "2007.11.25"]
[SourceQuality "1"]

1. e4 c5 2. Nc3 Nc6 3. Nf3 g6 4. Bc4 Bg7 5. d3 e6 6. Bf4 Nge7 7. 0-0 0-0 8. Nb5 a6 9. Bc7 axb5 10. Bxd8 Rxd8 11. Bxb5 Bxb2 12. Rb1 Bg7 13. a4 d5 14. Qe2 h6 15. c4 dxe4 16. dxe4 Nd4 17. Nxd4 Bxd4 18. Qg4 Kg7 19. Qg3 e5 20. Rbd1 Be6 21. Rxd4 exd4 22. Qe5+ Kh7 23. Qxc5 Ng8 24. Rd1 Nf6 25. Rxd4 Nxe4 26. Qe5 Nc3 27. Rxd8 Rxd8 28. f3 Rd1+ 29. Kf2 Rd2+ 30. Kg3 Ne2+ 31. Kf2 Nf4+ 32. Kf1 Rd1+ 33. Qe1 Rxe1+ 34. Kxe1 Nxg2+ 35. Kf2 Nh4 36. a5 Kg7 37. Ke3 Nf5+ 38. Kf4 Kf6 39. a6 bxa6 40. Bxa6 Ke7 41. c5 f6 42. Ke4 Kd7 43. Bb5+ Kc7 44. Be8 Ne7 45. f4 g5 46. fxg5 hxg5 47. Kd4 Nc6+ 48. Ke3 Bd7 49. Bf7 Ne5 0-1

[Event "Goch op 16th"]
[Site "Goch"]
[Date "2005.10.01"]
[Round "2"]
[White "Kaschuba, Juergen"]
[Black "Proettel, Swen"]
[Result "0-1"]
[WhiteElo "1787"]
[BlackElo "2170"]
[PlyCount "96"]
[EventDate "2005.09.30"]
[EventType "swiss"]
[EventRounds "7"]
[EventCountry "GER"]
[SourceTitle "EXT 2007"]
[Source "ChessBase"]
[SourceDate "2006.11.23"]
[SourceVersion "1"]
[SourceVersionDate "2006.11.23"]
[SourceQuality "1"]

1. e4 d5 2. exd5 Qxd5 3. Nc3 Qa5 4. Nf3 Nf6 5. Be2 Bg4 6. 0-0 Nbd7 7. d4 c6 8. Nd2 Bf5 9. Nc4 Qc7 10. Re1 e6 11. a3 Be7 12. Bf3 0-0 13. g4 Bg6 14. Ne5 Nxe5 15. dxe5 Rfd8 16. Qe2 Nd5 17. Nxd5 cxd5 18. c3 Rab8 19. g5 b5 20. Qf1 a5 21. h4 b4 22. cxb4 axb4 23. a4 b3 24. h5 Bf5 25. Bd1 Bc5 26. Bd2 Bd4 27. Rc1 Qa7 28. Be3 Qxa4 29. Bxd4 Qxd4 30. Rc3 Qd2 31. Rg3 Qxb2 32. Ree3 Rdc8 33. Rxb3 Qxe5 34. Qa6 Rf8 35. Rge3 Qf4 36. Rg3 d4 37. Be2 e5 38. Qd6 Be4 39. Qc5 Qh4 40. Bf3 Bxf3 41. Rgxf3 Qxg5+ 42. Kf1 Qxh5 43. Kg2 h6 44. Qe7 Qg5+ 45. Qxg5 hxg5 46. Rfd3 g4 47. Kg3 f5 48. f4 gxf3 0-1

[Event "Goch op 16th"]
[Site "Goch"]
[Date "2005.09.30"]
[Round "1"]
[White "Verfuerth, Thomas"]
[Black "Kaschuba, Juergen"]
[Result "1/2-1/2"]
[WhiteElo "2180"]
[BlackElo "1787"]
[PlyCount "45"]
[EventDate "2005.09.30"]
[EventType "swiss"]
[EventRounds "7"]
[EventCountry "GER"]
[SourceTitle "EXT 2007"]
[Source "ChessBase"]
[SourceDate "2006.11.23"]
[SourceVersion "1"]
[SourceVersionDate "2006.11.23"]
[SourceQuality "1"]

1. c4 Nf6 2. Nc3 Nc6 3. e4 e5 4. g3 Bc5 5. Bg2 d6 6. Nge2 Be6 7. d3 Ng4 8. 0-0 Qf6 9. Be3 Bxe3 10. fxe3 Qh6 11. Rf3 Qxh2+ 12. Kf1 Qh6 13. Nd5 Bxd5 14. cxd5 Ne7 15. Qa4+ c6 16. Qb3 Nh2+ 17. Kf2 Nxf3 18. Qxb7 0-0 19. Bxf3 Qf6 20. dxc6 Rfb8 21. Qd7 Rd8 22. Qb7 Rdb8 23. Qd7 1/2-1/2

[Event "Schwarzburg op"]
[Site "Schwarzburg"]
[Date "2005.09.08"]
[Round "2"]
[White "Kaschuba, Juergen"]
[Black "Schleicher, Janek"]
[Result "0-1"]
[WhiteElo "1787"]
[BlackElo "2069"]
[PlyCount "82"]
[EventDate "2005.09.07"]
[EventType "swiss"]
[EventRounds "7"]
[EventCountry "GER"]
[SourceTitle "CBM 108 Extra"]
[Source "ChessBase"]
[SourceDate "2005.11.04"]
[SourceVersion "1"]
[SourceVersionDate "2005.11.04"]
[SourceQuality "1"]

1. c4 c5 2. Nc3 Nf6 3. Nf3 e6 4. d4 cxd4 5. Nxd4 b6 6. e4 d6 7. Bd3 a6 8. f4 Qc7 9. Nf3 Nbd7 10. Qe2 Bb7 11. e5 dxe5 12. fxe5 Bxf3 13. Qxf3 Qxe5+ 14. Kf1 Qb8 15. Bf4 Qc8 16. Re1 Bb4 17. g4 Nc5 18. Bf5 0-0 19. g5 Bxc3 20. bxc3 exf5 21. gxf6 Ne4 22. fxg7 Qxc4+ 23. Kg2 Rfd8 24. Be3 Qxa2+ 25. Re2 Qe6 26. Rg1 Nxc3 27. Rd2 Ne4 28. Rb2 b5 29. h4 Qf6 30. Rc2 Qxh4 31. Kf1 Qf6 32. Rh2 Qd6 33. Rxh7 Qd1+ 34. Qxd1 Rxd1+ 35. Ke2 Nc3+ 36. Kf3 Kxh7 37. Rxd1 Nxd1 38. Bd4 Rd8 39. Be5 b4 40. Bf6 Rd5 41. Ke2 b3 0-1

[Event "Moehnesee Cup-B"]
[Site "Moehnesee"]
[Date "2005.08.21"]
[Round "6"]
[White "Prior, Benjamin"]
[Black "Kaschuba, Juergen"]
[Result "1/2-1/2"]
[WhiteElo "1643"]
[BlackElo "1542"]
[PlyCount "103"]
[EventDate "2005.08.18"]
[EventType "swiss"]
[EventRounds "7"]
[EventCountry "GER"]
[SourceTitle "CBM 108 Extra"]
[Source "ChessBase"]
[SourceDate "2005.11.04"]
[SourceVersion "1"]
[SourceVersionDate "2005.11.04"]
[SourceQuality "1"]

1. e4 e5 2. Nf3 Nc6 3. Bc4 Nd4 4. d3 Nxf3+ 5. Qxf3 Qf6 6. Qxf6 Nxf6 7. 0-0 Bc5 8. Nc3 c6 9. Kh1 Ng4 10. Nd1 b5 11. Bb3 0-0 12. Ne3 d6 13. Nxg4 Bxg4 14. f4 Be6 15. fxe5 dxe5 16. Bd2 a5 17. Bxe6 fxe6 18. Bc3 Bd4 19. Bxd4 exd4 20. Kg1 c5 21. c3 dxc3 22. bxc3 Rxf1+ 23. Rxf1 Rd8 24. Rd1 e5 25. Kf2 Kf7 26. Ke3 Ke6 27. d4 exd4+ 28. cxd4 c4 29. d5+ Ke5 30. Rf1 Rd7 31. Rf5+ Kd6 32. Kd4 Ke7 33. Kc5 c3 34. Rf1 b4 35. e5 Rd8 36. Rc1 Rc8+ 37. Kb5 Ra8 38. Ka4 Kd7 39. a3 bxa3 40. Kxa3 Rc8 41. Kb3 Rc5 42. Rxc3 Rxd5 43. Rg3 g6 44. Rh3 Rxe5 45. Rxh7+ Ke6 46. Ka4 Rh5 47. Rxh5 gxh5 48. Kxa5 Kf5 49. Kb4 Ke4 50. Kc3 Ke3 51. h3 h4 52. Kc2 1/2-1/2

[Event "Muehlhausen op"]
[Site "Muehlhausen"]
[Date "2005.05.05"]
[Round "2"]
[White "Kaschuba, Juergen"]
[Black "Fassmann, Kurt"]
[Result "1/2-1/2"]
[WhiteElo "1787"]
[BlackElo "2062"]
[PlyCount "87"]
[EventDate "2005.05.04"]
[EventType "swiss"]
[EventRounds "7"]
[EventCountry "GER"]
[SourceTitle "EXT 2006"]
[Source "ChessBase"]
[SourceDate "2005.11.24"]
[SourceVersion "1"]
[SourceVersionDate "2005.11.24"]
[SourceQuality "1"]

1. e4 c6 2. d4 d5 3. e5 Bf5 4. Bd3 Bxd3 5. Qxd3 e6 6. Nf3 c5 7. dxc5 Bxc5 8. Qb5+ Nd7 9. Qxb7 Rb8 10. Qa6 Ne7 11. 0-0 Ng6 12. Qe2 0-0 13. c3 a5 14. a4 Qc7 15. Re1 Nb6 16. Nd4 Nc4 17. f4 Qb6 18. Kh1 Bxd4 19. cxd4 Nxb2 20. f5 exf5 21. Nc3 Nc4 22. Nb5 Rfe8 23. Rf1 Ne7 24. Bf4 Nc6 25. Qf3 Nxd4 26. Qxd5 Nxb5 27. Qxc4 Nd4 28. e6 Nxe6 29. Bxb8 Rxb8 30. Rxf5 g6 31. Rb5 Qd8 32. Rxb8 Qxb8 33. Qb5 Qc7 34. Rb1 Kg7 35. h4 Qf4 36. Qb2+ f6 37. Qb7+ Kh6 38. Qf3 Qxf3 39. gxf3 Nc5 40. Rb5 Nxa4 41. Rxa5 Nc3 42. Kg2 Ne2 43. Kf2 Nd4 44. Kg3 1/2-1/2